[Event "Sao Paulo Hebraica op 29th"]
[Site "Sao Paulo"]
[Date "2022.11.19"]
[Round "2"]
[White "Shimizu, Erik Kazuo"]
[Black "Molina, Gustavo dos Santos"]
[Result "1-0"]
[WhiteElo "1674"]
[BlackElo "1760"]
[PlyCount "57"]
[EventDate "2022.11.19"]
[EventType "swiss"]
[EventRounds "5"]
[EventCountry "BRA"]
[SourceTitle "CBM 211 Extra"]
[Source "ChessBase"]
[SourceDate "2023.01.31"]
[SourceVersion "1"]
[SourceVersionDate "2023.01.31"]
[SourceQuality "1"]

1. d4 d5 2. Bf4 Nf6 3. e3 c5 4. Nf3 Nc6 5. Nbd2 Bf5 6. Bb5 e6 7. c3 Rc8 8. Qa4 Qb6 9. Ne5 a6 10. Bxc6+ bxc6 11. 0-0 cxd4 12. cxd4 Bd6 13. Nec4 dxc4 14. Nxc4 Qd8 15. Nxd6+ Ke7 16. Nxc8+ Qxc8 17. Rac1 Be4 18. Bg5 Rd8 19. f3 Bd3 20. Qa3+ Rd6 21. Qxd3 h6 22. Bf4 Rd7 23. Qa3+ Ke8 24. Qa4 Nd5 25. Rxc6 Qd8 26. Rfc1 Nxf4 27. exf4 Qf6 28. Rc8+ Ke7 29. Qb4+ 1-0

[Event "Sao Paulo ECP op 5th"]
[Site "Sao Paulo"]
[Date "2019.11.30"]
[Round "4"]
[White "Shimizu, Erik Kazuo"]
[Black "Seccafim, Caic Dos Santos"]
[Result "1-0"]
[WhiteElo "1652"]
[BlackElo "1864"]
[PlyCount "47"]
[EventDate "2019.11.29"]
[EventType "swiss"]
[EventRounds "6"]
[EventCountry "BRA"]
[SourceTitle "CBM 193 Extra"]
[Source "ChessBase"]
[SourceDate "2020.01.31"]
[SourceVersion "1"]
[SourceVersionDate "2020.01.31"]
[SourceQuality "1"]

1. d4 e6 2. c4 f5 3. Nf3 Nf6 4. e3 d5 5. Bd3 c6 6. 0-0 Bd6 7. Ne5 0-0 8. cxd5 exd5 9. Nc3 Bxe5 10. dxe5 Ng4 11. f4 Be6 12. h3 Nh6 13. b3 b5 14. Ba3 Re8 15. Qc2 Qb6 16. Rad1 a6 17. Bd6 c5 18. g4 g6 19. Qg2 fxg4 20. Nxd5 Qa7 21. Nf6+ Kf7 22. Nxe8 gxh3 23. Qg5 Ng8 24. Nc7 1-0

[Event "Sao Paulo Schutt Cup"]
[Site "Sao Paulo"]
[Date "2019.09.14"]
[Round "4"]
[White "Shimizu, Erik Kazuo"]
[Black "Silva, Kaua Marques"]
[Result "0-1"]
[WhiteElo "1661"]
[BlackElo "2036"]
[PlyCount "82"]
[EventDate "2019.09.13"]
[EventType "swiss"]
[EventRounds "6"]
[EventCountry "BRA"]
[SourceTitle "EXT 2020"]
[Source "ChessBase"]
[SourceDate "2019.10.17"]
[SourceVersion "1"]
[SourceVersionDate "2019.10.17"]
[SourceQuality "1"]

1. d4 Nf6 2. c4 e6 3. Nf3 b6 4. g3 Bb7 5. Bg2 Bb4+ 6. Bd2 c5 7. Bxb4 cxb4 8. Nbd2 0-0 9. 0-0 a5 10. Re1 d5 11. cxd5 Nxd5 12. e3 Nd7 13. Rc1 Rc8 14. Nc4 Ba6 15. Nce5 N7f6 16. Nc6 Qd6 17. Nfe5 Bb7 18. Na7 Rxc1 19. Qxc1 Qb8 20. Nb5 Rc8 21. Qd2 Ba6 22. a4 bxa3 23. Nxa3 Qc7 24. Nd3 Qd7 25. Ne5 Qc7 26. Nd3 Qd8 27. Ne5 b5 28. Rc1 b4 29. Rxc8 Qxc8 30. Nc2 b3 31. Na3 Nb4 32. Bf1 Ne4 33. Bxa6 Qxa6 34. Qc1 f6 35. Qc4 fxe5 36. Qc7 Qc6 37. Qxe5 Nd3 38. Qb8+ Kf7 39. Qxb3 Nexf2 40. Kf1 Qh1+ 41. Ke2 Nc1+ 0-1

[Event "Sao Paulo Schutt Cup"]
[Site "Sao Paulo"]
[Date "2019.09.13"]
[Round "1"]
[White "Usui, Gabriella Yumi"]
[Black "Shimizu, Erik Kazuo"]
[Result "0-1"]
[WhiteElo "1219"]
[BlackElo "1661"]
[PlyCount "68"]
[EventDate "2019.09.13"]
[EventType "swiss"]
[EventRounds "6"]
[EventCountry "BRA"]
[SourceTitle "EXT 2020"]
[Source "ChessBase"]
[SourceDate "2019.10.17"]
[SourceVersion "1"]
[SourceVersionDate "2019.10.17"]
[SourceQuality "1"]

1. d4 Nf6 2. c4 e6 3. Nc3 d5 4. e3 Be7 5. Nf3 0-0 6. b3 b6 7. Bb2 Bb7 8. cxd5 exd5 9. Be2 Re8 10. 0-0 a6 11. a4 Nc6 12. Rc1 Bd6 13. Qd2 Ne7 14. Bd3 Ng6 15. Bxg6 hxg6 16. Rfd1 c6 17. Qc2 Qc7 18. Ne2 Ne4 19. Nc3 Rac8 20. h3 f5 21. Nh4 Kf7 22. Nf3 Qe7 23. Qb1 Rh8 24. Qa2 g5 25. Nxe4 fxe4 26. Ne5+ Bxe5 27. dxe5 g4 28. hxg4 Qh4 29. Kf1 Qxg4 30. Ke1 Qxg2 31. Ke2 Rh2 32. Rf1 a5 33. Kd2 Ba6 34. Kc2 Bd3+ 0-1

[Event "Sao Paulo Karman Cup"]
[Site "Sao Paulo"]
[Date "2019.08.16"]
[Round "1"]
[White "Shimizu, Erik Kazuo"]
[Black "Oliveira, Debora Goncalves"]
[Result "1/2-1/2"]
[WhiteElo "1711"]
[BlackElo "1338"]
[PlyCount "78"]
[EventDate "2019.08.16"]
[EventType "swiss"]
[EventRounds "6"]
[EventCountry "BRA"]
[SourceTitle "EXT 2020"]
[Source "ChessBase"]
[SourceDate "2019.10.17"]
[SourceVersion "1"]
[SourceVersionDate "2019.10.17"]
[SourceQuality "1"]

1. e4 c5 2. Nc3 Nc6 3. Nf3 Nf6 4. d4 cxd4 5. Nxd4 e5 6. Nf5 d5 7. exd5 Nxd5 8. Nxg7+ Bxg7 9. Qxd5 Be6 10. Qxd8+ Rxd8 11. Bb5 Bf5 12. Be3 a6 13. Ba4 b5 14. Bb3 0-0 15. 0-0 Nd4 16. Bxd4 exd4 17. Nd5 Be4 18. Nf4 Rfe8 19. Rfe1 Rc8 20. Re2 Bf5 21. Rae1 Rxe2 22. Nxe2 d3 23. cxd3 Bxd3 24. Nf4 Bf5 25. Nd5 Kf8 26. g3 Bxb2 27. Re3 Bh3 28. Re1 Rc1 29. Rxc1 Bxc1 30. Nc7 Bc8 31. f4 Be3+ 32. Kf1 Bh3+ 33. Ke2 Bg1 34. Nxa6 Bxh2 35. Kf2 h5 36. Nc7 h4 37. gxh4 Bxf4 38. Nxb5 Bd7 39. Nd4 Bc7 1/2-1/2